[Event "9th Edmonton International Qualifier"]
[Site "Edmonton"]
[Date "2014.05.31"]
[Round "3"]
[White "Miller, David"]
[Black "Rekhson, Vladislav"]
[Result "1/2-1/2"]
[WhiteElo "2178"]
[BlackElo "2272"]
[PlyCount "112"]
[EventDate "2014.05.31"]
[EventType "swiss"]
[EventRounds "5"]
[EventCountry "CAN"]

1. e4 e5 2. f4 d5 3. exd5 c6 4. Nc3 exf4 5. Nf3 g5 6. Qe2+ Be7 7. d6 Qxd6 8.
Nxg5 Kf8 9. Nce4 Qg6 10. Nf3 Nf6 11. d3 Qf5 12. Bd2 Rg8 13. O-O-O c5 14. Nxf6
Qxf6 15. Kb1 Nc6 16. Bc3 Qe6 17. Qf2 b5 18. d4 cxd4 19. Bd2 Bb7 20. Bxb5 Nb4
21. Bxb4 Bxb4 22. Qxd4 Qe4 23. Qxe4 Bxe4 24. Rd4 Bxf3 25. gxf3 Bc5 26. Rxf4 Bd6
27. Rh4 Rg5 28. Rxh7 Kg8 29. Bd3 Re8 30. Rh6 Bc5 31. a4 Kg7 32. Rh4 f5 33. Rc4
Bf2 34. Rf1 Be3 35. Rc7+ Kf6 36. Re1 Rg1 37. Rxg1 Bxg1 38. Rb7 Re3 39. Rb5 Rxf3
40. h4 Be3 41. h5 f4 42. Rf5+ Ke6 43. h6 Rh3 44. h7 Rxh7 45. Rxf4 Rh1+ 46. Rf1
Rxf1+ 47. Bxf1 Kd5 48. c3 Kc5 49. b4+ Kb6 50. Kb2 a5 51. Kb3 Bd2 52. Bb5 Be1
53. Kc2 axb4 54. a5+ Kxb5 55. a6 Kxa6 56. cxb4 Bxb4 1/2-1/2

[Event "9th Edmonton International Qualifier"]
[Site "Edmonton"]
[Date "2014.05.31"]
[Round "3"]
[White "Purewal, Sardul"]
[Black "Nguyen, Kim"]
[Result "1/2-1/2"]
[WhiteElo "1954"]
[BlackElo "2182"]
[PlyCount "78"]
[EventDate "2014.05.31"]
[EventType "swiss"]
[EventRounds "5"]
[EventCountry "CAN"]

1. d4 Nf6 2. c4 e6 3. Nf3 b6 4. g3 Ba6 5. b3 Bb4+ 6. Bd2 Be7 7. Nc3 Bb7 8. Bg2
c6 9. O-O d5 10. cxd5 cxd5 11. Bc1 O-O 12. Bb2 Nbd7 13. Ne5 Bb4 14. Nxd7 Qxd7
15. Rc1 Ba6 16. Re1 Qe7 17. e3 h5 18. Bf1 Bxf1 19. Rxf1 h4 20. Kg2 Rac8 21. Qd3
Bxc3 22. Bxc3 Nh7 23. Bb2 Qb7 24. Rxc8 Rxc8 25. Rc1 hxg3 26. hxg3 f5 27. Qe2
Rxc1 28. Bxc1 Nf6 29. Ba3 Qc7 30. Qd3 g5 31. Qd2 g4 32. Qc1 Qd7 33. Qh1 Qh7 34.
Qc1 Qf7 35. Bd6 Kh7 36. Be5 Nd7 37. Bf4 Nf6 38. Be5 Nd7 39. Bf4 Nf6 1/2-1/2

[Event "9th Edmonton International Qualifier"]
[Site "Edmonton"]
[Date "2014.05.31"]
[Round "3"]
[White "Wang, Paul"]
[Black "Zeggelaar, Mike"]
[Result "0-1"]
[WhiteElo "964"]
[BlackElo "2023"]
[PlyCount "74"]
[EventDate "2014.05.31"]
[EventType "swiss"]
[EventRounds "5"]
[EventCountry "CAN"]

1. e4 c5 2. Nf3 d6 3. d4 cxd4 4. Nxd4 Nf6 5. Nc3 g6 6. Be2 Bg7 7. O-O O-O 8. f3
Nc6 9. Be3 Bd7 10. Qd2 a6 11. Bh6 Nxd4 12. Bxg7 Nxe2+ 13. Nxe2 Kxg7 14. Ng3
Qb6+ 15. Kh1 Rac8 16. Rab1 Qc5 17. c3 Be6 18. a3 b5 19. Rfe1 a5 20. Qc2 b4 21.
axb4 axb4 22. Rbc1 bxc3 23. Qxc3 Qxc3 24. bxc3 Rc4 25. Red1 Rfc8 26. Rd3 Nd7
27. Ne2 Nc5 28. Rd2 Nb3 29. Rdc2 Nxc1 30. Rxc1 Ra4 31. c4 Bxc4 32. Kg1 Be6 33.
Rb1 Rc2 34. Nc1 d5 35. exd5 Bxd5 36. Nb3 Bxb3 37. Rxb3 Ra1+ 0-1

[Event "9th Edmonton International Qualifier"]
[Site "Edmonton"]
[Date "2014.05.31"]
[Round "3"]
[White "Yam, Alex"]
[Black "Sequillion, Aaron"]
[Result "1-0"]
[WhiteElo "2383"]
[BlackElo "2180"]
[PlyCount "67"]
[EventDate "2014.05.31"]
[EventType "swiss"]
[EventRounds "5"]
[EventCountry "CAN"]

1. e4 c5 2. Nf3 d6 3. d4 cxd4 4. Nxd4 Nf6 5. Nc3 a6 6. f3 Qb6 7. a3 e5 8. Nb3
Be6 9. g4 h6 10. Qe2 Nbd7 11. Be3 Qc7 12. O-O-O b5 13. Qf2 Rb8 14. h4 b4 15.
axb4 Rxb4 16. Bxa6 Nc5 17. Nxc5 dxc5 18. Bb5+ Nd7 19. Bxd7+ Bxd7 20. Nd5 Qa5
21. Nxb4 cxb4 22. Kb1 Be6 23. b3 Be7 24. Bb6 Qb5 25. Bc7 O-O 26. Bd6 Bxd6 27.
Rxd6 Rb8 28. Qa7 Rc8 29. Re1 Kh7 30. g5 h5 31. g6+ Kg8 32. Red1 Re8 33. Rd8
fxg6 34. Qe7 1-0

[Event "9th Edmonton International Qualifier"]
[Site "Edmonton"]
[Date "2014.06.01"]
[Round "4"]
[White "Gardner, Robert"]
[Black "Yam, Alex"]
[Result "1/2-1/2"]
[WhiteElo "2301"]
[BlackElo "2383"]
[PlyCount "50"]
[EventDate "2014.05.31"]
[EventType "swiss"]
[EventRounds "5"]
[EventCountry "CAN"]

1. d4 Nf6 2. c4 g6 3. Nc3 d5 4. cxd5 Nxd5 5. e4 Nxc3 6. bxc3 Bg7 7. Qa4+ Nd7 8.
Nf3 O-O 9. Be2 c5 10. Be3 Nb6 11. Qa3 Qc7 12. d5 f5 13. e5 Nxd5 14. Bc4 Rd8 15.
Bxc5 b6 16. Bxe7 Qxc4 17. Bxd8 Ba6 18. O-O-O Rxd8 19. Rd4 Bh6+ 20. Kb2 Qe2+ 21.
Ka1 Bc4 22. Re1 Qxf2 23. Rxc4 Ne3 24. Qe7 Nc2+ 25. Kb1 Bf8 1/2-1/2

[Event "9th Edmonton International Qualifier"]
[Site "Edmonton"]
[Date "2014.06.01"]
[Round "4"]
[White "Haynes, Nicolas"]
[Black "Hughey, Micah"]
[Result "1/2-1/2"]
[WhiteElo "2285"]
[BlackElo "2210"]
[PlyCount "31"]
[EventDate "2014.05.31"]
[EventType "swiss"]
[EventRounds "5"]
[EventCountry "CAN"]

1. e4 e5 2. Nf3 Nc6 3. Bb5 Nf6 4. O-O Nxe4 5. d4 exd4 6. Re1 d5 7. Nxd4 Bd6 8.
g3 O-O 9. Nxc6 bxc6 10. Bxc6 Bc5 11. Be3 Bxe3 12. Rxe3 Qf6 13. Rxe4 dxe4 14.
Bxa8 Qxb2 15. Nd2 Bf5 16. Qb1 1/2-1/2

[Event "9th Edmonton International Qualifier"]
[Site "Edmonton"]
[Date "2014.06.01"]
[Round "4"]
[White "Hughey, Leah"]
[Black "Briones, Dante"]
[Result "1-0"]
[WhiteElo "1432"]
[BlackElo "2029"]
[PlyCount "83"]
[EventDate "2014.05.31"]
[EventType "swiss"]
[EventRounds "5"]
[EventCountry "CAN"]

1. e4 c5 2. Nf3 d6 3. d4 cxd4 4. Nxd4 Nf6 5. Nc3 a6 6. Be2 e5 7. Nb3 Be6 8. Be3
Be7 9. Nd5 Bxd5 10. exd5 O-O 11. O-O Nbd7 12. c4 Ne8 13. Qd2 g6 14. Na5 f5 15.
Bh6 Rf7 16. Nxb7 Qb6 17. Na5 f4 18. Bg4 Ndf6 19. Be6 Nc7 20. Bxf7+ Kxf7 21. Nc6
Re8 22. Nxe7 Rxe7 23. b3 Re8 24. Rae1 Ng8 25. Bxf4 exf4 26. Qxf4+ Nf6 27. Rxe8
Ncxe8 28. h3 Kg7 29. Re1 Qd8 30. Qe3 Kf8 31. a4 a5 32. Rb1 Nd7 33. Qf4+ Kg7 34.
b4 axb4 35. Rxb4 Nc5 36. Qd4+ Kg8 37. Qa1 Qa5 38. Rb8 Kf7 39. Qh8 Qxa4 40.
Qxh7+ Kf6 41. Qg8 Qxc4 42. Qf8+ 1-0

[Event "9th Edmonton International Qualifier"]
[Site "Edmonton"]
[Date "2014.06.01"]
[Round "4"]
[White "Kadavil, Suresh"]
[Black "Purewal, Sardul"]
[Result "0-1"]
[WhiteElo "1628"]
[BlackElo "1954"]
[PlyCount "118"]
[EventDate "2014.05.31"]
[EventType "swiss"]
[EventRounds "5"]
[EventCountry "CAN"]

1. d3 d5 2. Nf3 Nf6 3. c3 c6 4. Nbd2 e6 5. e4 dxe4 6. dxe4 Qc7 7. e5 Ng4 8. Qe2
Nd7 9. Nc4 b5 10. h3 Nxf2 11. Nd6+ Bxd6 12. exd6 Qxd6 13. Qxf2 O-O 14. Be2 Nf6
15. Qh4 e5 16. O-O Bf5 17. Ng5 Bg6 18. Bf3 Qc5+ 19. Kh1 Rad8 20. Ne4 Nxe4 21.
Bxe4 Qc4 22. Bg5 Bxe4 23. Bxd8 f6 24. Qg4 Rxd8 25. Rxf6 Re8 26. Rf2 Qc5 27. Re2
Bg6 28. Rd1 e4 29. Red2 Bh5 30. Qd7 Qe5 31. g4 e3 32. Re2 Bg6 33. Qd6 Qe4+ 34.
Kh2 Qf3 35. Rde1 Qf7 36. Qg3 Qxa2 37. Rxe3 Rxe3 38. Qxe3 Qxb2+ 39. Re2 Qb3 40.
Qc5 h6 41. Qxc6 Qf7 42. Re6 Qf4+ 43. Kg1 Bd3 44. Qg2 Qc1+ 45. Kh2 Qxc3 46. Qa8+
Kh7 47. Qxa7 b4 48. Qe3 b3 49. Rb6 b2 50. Rxb2 Qxb2+ 51. Kg3 Qe2 52. Qf2 Qxf2+
53. Kxf2 Kg6 54. Kg3 Kf6 55. Kf4 g5+ 56. Kg3 Ke5 57. h4 Ke4 58. hxg5 hxg5 59.
Kh3 Kf4 0-1

[Event "9th Edmonton International Qualifier"]
[Site "Edmonton"]
[Date "2014.06.01"]
[Round "4"]
[White "Koperski, Dustin"]
[Black "Wang, Paul"]
[Result "1-0"]
[WhiteElo "1534"]
[BlackElo "964"]
[PlyCount "65"]
[EventDate "2014.05.31"]
[EventType "swiss"]
[EventRounds "5"]
[EventCountry "CAN"]

1. e4 e5 2. Nf3 Nc6 3. Bc4 Nf6 4. Ng5 d5 5. exd5 Na5 6. Bb5+ c6 7. dxc6 bxc6 8.
Qf3 Bd7 9. Bd3 Bc5 10. Ne4 Bg4 11. Nxf6+ Qxf6 12. Qxg4 Qxf2+ 13. Kd1 O-O 14.
Rf1 Qd4 15. Qxd4 exd4 16. a3 Bd6 17. b4 Nb7 18. g3 Rfe8 19. Bb2 Re7 20. Bxd4 a6
21. c4 c5 22. bxc5 Nxc5 23. Bxc5 Bxc5 24. Nc3 Rae8 25. Kc2 a5 26. Rf5 Re5 27.
Rxe5 Rxe5 28. Rb1 Re8 29. a4 Re6 30. Rb8+ Bf8 31. Nd5 Rd6 32. Ne7+ Kh8 33.
Rxf8# 1-0

[Event "9th Edmonton International Qualifier"]
[Site "Edmonton"]
[Date "2014.06.01"]
[Round "4"]
[White "Mah, Sean Kenneth"]
[Black "Mo, Michelle"]
[Result "1/2-1/2"]
[WhiteElo "1469"]
[BlackElo "1695"]
[PlyCount "80"]
[EventDate "2014.05.31"]
[EventType "swiss"]
[EventRounds "5"]
[EventCountry "CAN"]

1. d4 d5 2. e3 Nf6 3. Bd3 e6 4. f4 Bd6 5. Nf3 Nc6 6. c3 O-O 7. O-O Re8 8. Nbd2
Ng4 9. Qe2 f5 10. h3 Nf6 11. Ne5 Bxe5 12. fxe5 Ne4 13. Nxe4 fxe4 14. Bb5 Bd7
15. b3 Ne7 16. Bxd7 Qxd7 17. Ba3 b6 18. Rac1 Rac8 19. Bxe7 Qxe7 20. c4 c6 21.
cxd5 cxd5 22. Rc2 Rf8 23. Rfc1 Qd7 24. Rc3 Rxc3 25. Rxc3 Rc8 26. Qc2 Rxc3 27.
Qxc3 Qf7 28. Qc8+ Qf8 29. Qxe6+ Qf7 30. Qxf7+ Kxf7 31. Kf2 Ke6 32. g4 g5 33.
Kg3 h6 34. Kf2 Kd7 35. Ke2 Kc6 36. Kd2 b5 37. a3 a5 38. Ke2 Kd7 39. Kf2 Ke7 40.
h4 Kf7 1/2-1/2

[Event "9th Edmonton International Qualifier"]
[Site "Edmonton"]
[Date "2014.06.01"]
[Round "4"]
[White "Porter, Patrick"]
[Black "Nguyen, Kim"]
[Result "0-1"]
[WhiteElo "1863"]
[BlackElo "2182"]
[PlyCount "88"]
[EventDate "2014.05.31"]
[EventType "swiss"]
[EventRounds "5"]
[EventCountry "CAN"]

1. e4 c5 2. Nf3 d6 3. d4 cxd4 4. Nxd4 Nf6 5. Nc3 a6 6. Bg5 e6 7. f4 Qb6 8. Nb3
Nbd7 9. Qf3 Qc7 10. O-O-O Be7 11. Bd3 h6 12. Bh4 g5 13. fxg5 Ne5 14. Qe2 Nfd7
15. Kb1 hxg5 16. Bg3 b5 17. a3 Bb7 18. Nd4 Rc8 19. Nf3 Bc6 20. h4 gxh4 21. Bxh4
Bxh4 22. Nxh4 Rb8 23. Qe3 a5 24. Qg5 Rf8 25. Nd5 Qd8 26. Qxd8+ Kxd8 27. Nf4 Ke7
28. Nf3 b4 29. Nd4 bxa3 30. Nxc6+ Nxc6 31. b3 Nc5 32. Ka2 a4 33. Bc4 Nb4+ 34.
Kxa3 Nxc2+ 35. Kb2 axb3 36. Bxb3 Ne3 37. Ra1 Rxb3+ 38. Kc1 Rfb8 39. Ra7+ R8b7
40. Rxb7+ Rxb7 41. Rh7 Nxe4 42. Ng6+ Kf6 43. Nf4 Rc7+ 44. Kb2 Rc2+ 0-1

[Event "9th Edmonton International Qualifier"]
[Site "Edmonton"]
[Date "2014.06.01"]
[Round "4"]
[White "Rekhson, Vladislav"]
[Black "Zeggelaar, Mike"]
[Result "1-0"]
[WhiteElo "2272"]
[BlackElo "2023"]
[PlyCount "95"]
[EventDate "2014.05.31"]
[EventType "swiss"]
[EventRounds "5"]
[EventCountry "CAN"]

1. c4 Nf6 2. Nc3 g6 3. g3 d5 4. cxd5 Nxd5 5. Bg2 c6 6. Qb3 Nxc3 7. Qxc3 f6 8.
d3 Bg7 9. h4 e5 10. h5 Qd4 11. Qb3 Qb6 12. Qc3 Qd4 13. Qc2 Be6 14. Be3 Qb4+ 15.
Bd2 Qd6 16. a3 Na6 17. b4 Rc8 18. Be3 Ra8 19. Nf3 Nc7 20. hxg6 hxg6 21. Rxh8+
Bxh8 22. d4 Bf5 23. dxe5 Qxe5 24. Nxe5 Bxc2 25. Nxc6 bxc6 26. Bxc6+ Ke7 27.
Bxa8 Nxa8 28. Bxa7 Ba4 29. Rc1 Kd7 30. Bd4 Nc7 31. Kd2 Nb5 32. Bb2 Bg7 33. Rh1
Ke6 34. Rh7 Kf7 35. Kd3 Nd6 36. Kd4 Kg8 37. Rh1 f5+ 38. Kd5 Bxb2 39. Kxd6 Bxa3
40. Kc5 Bb2 41. b5 Bf6 42. b6 Be7+ 43. Kd5 Bc2 44. f3 Bb3+ 45. Kc6 Kf7 46. b7
Ke6 47. b8=Q Ba4+ 48. Kb6 1-0

[Event "9th Edmonton International Qualifier"]
[Site "Edmonton"]
[Date "2014.06.01"]
[Round "4"]
[White "Salehian, Mohammad"]
[Black "Seehagen, Terry"]
[Result "0-1"]
[WhiteElo "1869"]
[BlackElo "1695"]
[PlyCount "116"]
[EventDate "2014.05.31"]
[EventType "swiss"]
[EventRounds "5"]
[EventCountry "CAN"]

1. d4 Nf6 2. Nf3 c5 3. d5 b5 4. Bg5 Bb7 5. Bxf6 exf6 6. e4 c4 7. b3 Qa5+ 8. Qd2
c3 9. Qf4 Bc5 10. Qg4 O-O 11. Qf5 b4 12. Bd3 Ba6 13. O-O Bxd3 14. cxd3 Be7 15.
a3 Re8 16. Nd4 bxa3 17. Nc2 a2 18. Qh3 axb1=Q 19. Rfxb1 Qb6 20. b4 f5 21. Qxf5
Bf6 22. Kh1 Re5 23. Qf3 Rg5 24. Qe2 d6 25. f4 Rg6 26. g4 h6 27. f5 Rg5 28. h4
Rxg4 29. Qxg4 Nd7 30. h5 Ne5 31. Qh3 Qb5 32. Rd1 a5 33. Qf1 Bg5 34. d4 Nc4 35.
Rxa5 Rxa5 36. bxa5 Qa4 37. Qe2 Bd2 38. Ra1 Qxc2 39. a6 Qb2 40. Ra4 Nb6 41. a7
c2 42. a8=Q+ Nxa8 43. Rxa8+ Kh7 44. Rc8 c1=Q+ 45. Rxc1 Qxc1+ 46. Kg2 Be3 47. e5
Bxd4 48. e6 Qg5+ 49. Kh3 Qxf5+ 50. Kg2 Qxd5+ 51. Kf1 Qxe6 52. Qd3+ Kh8 53. Qxd4
Qf6+ 54. Qxf6 gxf6 55. Ke2 Kg7 56. Kf3 f5 57. Kf4 Kf6 58. Ke3 Kg5 0-1

[Event "9th Edmonton International Qualifier"]
[Site "Edmonton"]
[Date "2014.06.01"]
[Round "4"]
[White "Sequillion, Aaron"]
[Black "Tran-Ly, Tristan"]
[Result "0-1"]
[WhiteElo "2180"]
[BlackElo "1870"]
[PlyCount "142"]
[EventDate "2014.05.31"]
[EventType "swiss"]
[EventRounds "5"]
[EventCountry "CAN"]

1. d4 Nf6 2. c4 g6 3. Nc3 d5 4. Nf3 Bg7 5. Qb3 dxc4 6. Qxc4 c6 7. e4 O-O 8. Be2
b5 9. Qd3 b4 10. Na4 Ba6 11. Qe3 Ng4 12. Qd2 Bxe2 13. Qxe2 Qa5 14. b3 e5 15.
Bb2 exd4 16. Nxd4 c5 17. Qxg4 cxd4 18. O-O h5 19. Qg3 Na6 20. Rfd1 Rfd8 21. f4
Rac8 22. e5 Nc5 23. Nxc5 Qxc5 24. Qd3 Qa5 25. Bxd4 Bf8 26. Kh1 Rc3 27. Qe4 Qc7
28. Bxc3 Rxd1+ 29. Rxd1 bxc3 30. Qc4 Qa5 31. Rc1 Bb4 32. a4 Qb6 33. Qd3 a5 34.
h3 Qf2 35. Qf1 Qb2 36. Qd1 Qf2 37. Qf1 Qb2 38. Rb1 Qd2 39. Rc1 Ba3 40. Rd1 Qa2
41. Ra1 Qxb3 42. Qd3 Qb2 43. Rf1 c2 44. e6 c1=Q 45. exf7+ Kxf7 46. Qd7+ Be7 47.
Qd5+ Kg7 48. Rxc1 Qxc1+ 49. Kh2 Qxf4+ 50. Kg1 Bf6 51. Qb7+ Kh6 52. Qf3 Qc1+ 53.
Kh2 Be5+ 54. g3 Qd2+ 55. Kh1 Qd6 56. g4 h4 57. g5+ Kh7 58. Qe4 Bg3 59. Qb7+ Qc7
60. Qe4 Qc1+ 61. Kg2 Qd2+ 62. Kf3 Qd1+ 63. Kg2 Qd2+ 64. Kf3 Qc3+ 65. Kg2 Qb2+
66. Kf3 Qf2+ 67. Kg4 Qb2 68. Qe7+ Kg8 69. Qe8+ Kh7 70. Qd7+ Qg7 71. Qf7 Be5 0-1

[Event "9th Edmonton International Qualifier"]
[Site "Edmonton"]
[Date "2014.06.01"]
[Round "4"]
[White "Young, Joseph"]
[Black "Miller, David"]
[Result "0-1"]
[WhiteElo "1793"]
[BlackElo "2178"]
[PlyCount "66"]
[EventDate "2014.05.31"]
[EventType "swiss"]
[EventRounds "5"]
[EventCountry "CAN"]

1. d4 Nf6 2. Nf3 g6 3. Bf4 Bg7 4. Nc3 d6 5. e4 O-O 6. Qd2 c6 7. h3 b5 8. a3 Qa5
9. b4 Qc7 10. Bd3 Nbd7 11. O-O a6 12. Bh6 Bb7 13. Bxg7 Kxg7 14. Nh4 e5 15. dxe5
dxe5 16. Qg5 Kh8 17. f4 exf4 18. Rxf4 Nh5 19. Rf2 Qe5 20. Qd2 Rad8 21. Raf1 Ng3
22. Re1 Qe7 23. Nf3 Ne5 24. Ne2 Nxe4 25. Bxe4 Rxd2 26. Nxd2 Rd8 27. Nb3 f5 28.
Bd3 Nxd3 29. cxd3 Rxd3 30. Nc5 Re3 31. Kf1 Bc8 32. Rd1 Be6 33. Nd4 Bc4+ 0-1

[Event "9th Edmonton International Qualifier"]
[Site "Edmonton"]
[Date "2014.06.01"]
[Round "5"]
[White "Duggan, Kyle"]
[Black "Mah, Sean Kenneth"]
[Result "1-0"]
[WhiteElo "1623"]
[BlackElo "1469"]
[PlyCount "57"]
[EventDate "2014.05.31"]
[EventType "swiss"]
[EventRounds "5"]
[EventCountry "CAN"]

1. d4 d5 2. c4 e6 3. Nf3 c5 4. Nc3 Nf6 5. Bg5 Nc6 6. e4 dxe4 7. Nxe4 cxd4 8. a3
e5 9. b4 Be7 10. Bxf6 Bxf6 11. Bd3 O-O 12. O-O Bg4 13. h3 Bh5 14. g4 Bg6 15. g5
Bxe4 16. Bxe4 Bxg5 17. b5 Na5 18. Qd3 h6 19. Nxe5 Qe7 20. Nf3 Rad8 21. Rfe1 Qf6
22. Rad1 Bh4 23. Re2 Rfe8 24. Nxd4 Qg5+ 25. Kf1 Qf4 26. Qf3 Rxe4 27. Qxe4 Qxe4
28. Rxe4 Nxc4 29. Rxh4 1-0

[Event "9th Edmonton International Qualifier"]
[Site "Edmonton"]
[Date "2014.06.01"]
[Round "5"]
[White "Miller, David"]
[Black "Gardner, Robert"]
[Result "1-0"]
[WhiteElo "2178"]
[BlackElo "2301"]
[PlyCount "71"]
[EventDate "2014.05.31"]
[EventType "swiss"]
[EventRounds "5"]
[EventCountry "CAN"]

1. e4 g6 2. d4 Bg7 3. Nf3 c6 4. c3 d5 5. Nbd2 dxe4 6. Nxe4 Nd7 7. Bc4 Nb6 8.
Bb3 e6 9. Bf4 Nd5 10. Nd6+ Kf8 11. Bxd5 cxd5 12. Ne5 Bxe5 13. dxe5 g5 14. Qh5
Qe7 15. Bxg5 f6 16. O-O-O Bd7 17. Rd3 Be8 18. Nxe8 Qxe8 19. Bh6+ Nxh6 20. Qxh6+
Ke7 21. Qxf6+ Kd7 22. Rhd1 Rd8 23. Rf3 Kc8 24. Rd4 Qc6 25. g3 Kb8 26. Qh4 Qa6
27. Rf7 Rc8 28. Rb4 b6 29. Ra4 Qf1+ 30. Kd2 d4 31. Qe7 dxc3+ 32. Ke3 Qe1+ 33.
Kf3 Qh1+ 34. Ke2 Rc5 35. Qxa7+ Kc8 36. Qa8+ 1-0

[Event "9th Edmonton International Qualifier"]
[Site "Edmonton"]
[Date "2014.06.01"]
[Round "5"]
[White "Nguyen, Kim"]
[Black "Sequillion, Aaron"]
[Result "0-1"]
[WhiteElo "2182"]
[BlackElo "2180"]
[PlyCount "80"]
[EventDate "2014.05.31"]
[EventType "swiss"]
[EventRounds "5"]
[EventCountry "CAN"]

1. e4 a6 2. d4 b5 3. Nf3 Bb7 4. Bd3 e6 5. b3 c5 6. Bb2 cxd4 7. Nxd4 Nf6 8. Qe2
Bc5 9. h3 Qb6 10. Nf3 Nc6 11. a4 Nb4 12. axb5 Nxd3+ 13. cxd3 axb5 14. Rxa8+
Bxa8 15. Nc3 O-O 16. O-O d5 17. e5 Nd7 18. Qd2 Bb4 19. Qf4 Be7 20. Ne2 Nc5 21.
Bd4 Qa5 22. Ra1 Qb4 23. Bxc5 Qxf4 24. Nxf4 Bxc5 25. d4 Bb4 26. Ra7 h6 27. Nd3
Bc3 28. Kf1 Rc8 29. b4 Bc6 30. Ke2 Be8 31. Ra6 Rc4 32. Ra8 Kf8 33. Nc5 Bxb4 34.
Nd3 Bc3 35. Ke3 Ra4 36. Rb8 Ra3 37. Ng1 Ke7 38. Ne2 Ba5 39. Nec1 Bc7 40. Rb7
Kd8 0-1

[Event "9th Edmonton International Qualifier"]
[Site "Edmonton"]
[Date "2014.06.01"]
[Round "5"]
[White "Porter, Patrick"]
[Black "Salehian, Mohammad"]
[Result "0-1"]
[WhiteElo "1863"]
[BlackElo "1869"]
[PlyCount "72"]
[EventDate "2014.05.31"]
[EventType "swiss"]
[EventRounds "5"]
[EventCountry "CAN"]

1. e4 e6 2. Nf3 d5 3. Nc3 Nf6 4. e5 Nfd7 5. d4 c5 6. dxc5 Bxc5 7. Bd3 Nc6 8.
Bf4 Qb6 9. O-O Qxb2 10. Nb5 Rb8 11. Nc7+ Kd8 12. Nxd5 exd5 13. e6 fxe6 14. Bxb8
Ndxb8 15. Ng5 Qf6 16. Qh5 Ne5 17. Nxh7 g6 18. Bxg6 Qxg6 19. Qxe5 Qxh7 20. Qxb8
Bb6 21. Qd6+ Bd7 22. Qe5 Bc7 23. Qf6+ Kc8 24. h3 Rg8 25. Qf3 e5 26. Qxd5 Bxh3
27. Rfb1 Bxg2 28. Qxg2 Rxg2+ 29. Kxg2 e4 30. Rh1 Qg7+ 31. Kh3 Qd7+ 32. Kg2 Be5
33. Rab1 e3 34. fxe3 Qg4+ 35. Kf2 Bg3+ 36. Kg2 Bh4+ 0-1

[Event "9th Edmonton International Qualifier"]
[Site "Edmonton"]
[Date "2014.06.01"]
[Round "5"]
[White "Tran-Ly, Tristan"]
[Black "Purewal, Sardul"]
[Result "1/2-1/2"]
[WhiteElo "1870"]
[BlackElo "1954"]
[PlyCount "59"]
[EventDate "2014.05.31"]
[EventType "swiss"]
[EventRounds "5"]
[EventCountry "CAN"]

1. d4 Nf6 2. c4 e6 3. Nf3 d5 4. Nc3 c6 5. Bg5 h6 6. Bh4 g5 7. Bg3 Nh5 8. Be5
Bg7 9. Bxg7 Nxg7 10. e4 dxe4 11. Nxe4 Nf5 12. h3 Nd6 13. Bd3 Na6 14. Qd2 Nxe4
15. Bxe4 Bd7 16. O-O Qb6 17. a3 O-O-O 18. b4 Be8 19. b5 cxb5 20. cxb5 Nc7 21.
a4 f5 22. a5 Qd6 23. b6 fxe4 24. bxc7 Rd7 25. Nh2 Qxd4 26. Qa2 Qd5 27. Qb2 Qd4
28. Qb3 Qd5 29. Qb2 Qd4 30. Qb3 1/2-1/2

[Event "9th Edmonton International Qualifier"]
[Site "Edmonton"]
[Date "2014.06.01"]
[Round "5"]
[White "Young, Joseph"]
[Black "Hughey, Leah"]
[Result "1-0"]
[WhiteElo "1793"]
[BlackElo "1432"]
[PlyCount "51"]
[EventDate "2014.05.31"]
[EventType "swiss"]
[EventRounds "5"]
[EventCountry "CAN"]

1. e4 e6 2. Nf3 d5 3. exd5 exd5 4. d4 Bd6 5. Bd3 Nf6 6. O-O O-O 7. Bg5 Be6 8.
Ne5 Nbd7 9. f4 c6 10. Kh1 Qc7 11. Qe1 Bg4 12. Qh4 h5 13. h3 Qb6 14. hxg4 Qxd4
15. Nxd7 Nxd7 16. Qxh5 g6 17. Bxg6 fxg6 18. Qxg6+ Qg7 19. Qxd6 Qxg5 20. Qe6+
Kg7 21. Qxd7+ Kg6 22. fxg5 Rxf1+ 23. Kh2 Rh8+ 24. Kg3 Rhh1 25. Qxb7 Kxg5 26.
Qg7# 1-0

[Event "9th Edmonton International Qualifier"]
[Site "Edmonton"]
[Date "2014.06.01"]
[Round "5"]
[White "Zeggelaar, Mike"]
[Black "Koperski, Dustin"]
[Result "1-0"]
[WhiteElo "2023"]
[BlackElo "1534"]
[PlyCount "39"]
[EventDate "2014.05.31"]
[EventType "swiss"]
[EventRounds "5"]
[EventCountry "CAN"]

1. e4 c5 2. f4 e5 3. Nf3 exf4 4. Bc4 Bd6 5. O-O Nh6 6. e5 Bc7 7. d4 d5 8. exd6
Bxd6 9. Re1+ Be7 10. Bxf4 Bg4 11. Bxh6 Bxf3 12. Bxf7+ Kxf7 13. Qxf3+ Bf6 14.
Qxb7+ Be7 15. Qxa8 Qxd4+ 16. Be3 Qxb2 17. Qf3+ Bf6 18. Nd2 Re8 19. Ne4 Nd7 20.
Nd6+ 1-0